00478 2200193 4500001002100000005001500021008004100036020002500077035001900102041000700121082001100128090001700139100001600156245002700172260003800199300002000237500001100257650001600268INLIS00000000000097320241224112249241224||||||||| | ||| |||| || |  aISBN 978-979-419-365 0010-1224000973 aid0 a364. 1 a364. 1 AJI k0 aAjip Rosidi00aKorupsi dan Kebudayaan aJakartabDunia Pustaka Jayac2009 a198 hlm,; 20 cm aCet. 2 0aIlmu Sosial